Choker - Twenty One Pilots Lyrics - Statistics

General Stats
  • This quiz has been taken 19 times
  • The average score is 17 of 274
Answer Stats
Lyrics % Correct
Intro Mmh-mm,
100%
anyone
83%
bother
83%
Chokin'
83%
circumstance
83%
don't
83%
Verse 1 I
83%
I
83%
mmh-mm
83%
Mmh-mm,
83%
mmh-mm
83%
Mmh-mm,
83%
mmh-mm
83%
Nervous
83%
on
83%
Only
83%
stand
83%
the
83%
when
83%
smokin'
67%
secondhand
33%
a
0%
a
0%
a
0%
a
0%
a
0%
a
0%
a
0%
a
0%
a
0%
a
0%
able
0%
all
0%
Alone,
0%
and
0%
and
0%
and
0%
anyone
0%
As
0%
barely
0%
begin
0%
behind
0%
blinds
0%
body's
0%
bolder,
0%
born
0%
born
0%
born
0%
born
0%
bother
0%
buried
0%
but
0%
but
0%
by
0%
can
0%
can
0%
can
0%
can
0%
carve
0%
cast
0%
Chorus 'Cause
0%
change
0%
choker
0%
choker
0%
choker
0%
choker
0%
Chokin'
0%
circumstance
0%
circumstance
0%
comin'
0%
Comin'
0%
comin'
0%
comin'
0%
comin'
0%
Comin'
0%
cosign
0%
Cut
0%
day
0%
demands
0%
don't
0%
Dry
0%
else
0%
even
0%
eventually
0%
fears
0%
fibers
0%
for
0%
for
0%
for
0%
for
0%
for
0%
for
0%
forever,
0%
further
0%
get
0%
goes
0%
gonna
0%
got
0%
ground
0%
hurts
0%
Chorus I
0%
I
0%
(I
0%
Verse 2 I
0%
I
0%
Chorus I
0%
I
0%
Bridge I
0%
I
0%
I
0%
I
0%
I
0%
I
0%
I
0%
I'll
0%
I'm
0%
I'm
0%
in
0%
in
0%
in
0%
is
0%
is
0%
is
0%
it
0%
It
0%
it
0%
it's
0%
it's
0%
it's
0%
it's
0%
it's
0%
just
0%
know
0%
know
0%
know
0%
know
0%
know
0%
know
0%
Lay
0%
Lay
0%
less
0%
like
0%
Outro Like
0%
Like
0%
line
0%
listenin'
0%
little
0%
little
0%
make
0%
me
0%
me
0%
me
0%
me
0%
me
0%
me
0%
middleman
0%
mind's
0%
(mmh-mm)
0%
(mmh-mm)
0%
(mmh-mm)
0%
(mmh-mm)
0%
(mmh-mm)
0%
Mmh-mm
0%
mmh-mm
0%
Mmh-mm
0%
(mmh-mm)
0%
(mmh-mm)
0%
(mmh-mm)
0%
(mmh-mm)
0%
(mmh-mm)
0%
Mmh-mm,
0%
mmh-mm,
0%
mmh-mm
0%
move
0%
moves
0%
my
0%
my
0%
need
0%
Never
0%
no
0%
Nobody's
0%
Nobody's
0%
Nobody's
0%
Nobody's
0%
now
0%
on
0%
on
0%
on
0%
on,
0%
(only
0%
only
0%
open,
0%
out
0%
out,
0%
out,
0%
over
0%
over),
0%
over
0%
over
0%
over
0%
pain
0%
pin
0%
push
0%
realize
0%
rearview
0%
right
0%
romance
0%
sabotage
0%
sand
0%
screamin'
0%
secondhand)
0%
see
0%
see
0%
Seems
0%
Self-
0%
shadow
0%
side
0%
side
0%
sign
0%
silhouette
0%
skin
0%
smokin'
0%
Someone
0%
Sooner
0%
splinter
0%
spread
0%
stronger,
0%
sun
0%
sweet
0%
taller,
0%
that
0%
that
0%
the
0%
the
0%
the
0%
the
0%
the
0%
the
0%
the
0%
the
0%
the
0%
to
0%
to
0%
to
0%
to
0%
trust
0%
understand
0%
upon
0%
us
0%
us
0%
us
0%
volunteers
0%
was
0%
was
0%
was
0%
was
0%
what
0%
when
0%
When
0%
where
0%
withstand
0%
worth
0%
you
0%
you
0%
you
0%
You
0%
you
0%
you'll
0%
you'll
0%
your
0%
your
0%
your
0%
you're
0%
you've
0%
No matching quizzes found
Score Distribution
Percent of People with Each Score
Percentile by Number Answered
Your Score History
You have not taken this quiz